header

Macroeconomics / (Record no. 266444)

MARC details
000 -LEADER
fixed length control field 01213pam a2200373 a 4500
001 - CONTROL NUMBER
control field 2525288
003 - CONTROL NUMBER IDENTIFIER
control field OSt
005 - DATE AND TIME OF LATEST TRANSACTION
control field 20260623120519.0
008 - FIXED-LENGTH DATA ELEMENTS--GENERAL INFORMATION
fixed length control field 931020s1995 mauab b 001 0 eng
010 ## - LIBRARY OF CONGRESS CONTROL NUMBER
LC control number 93041631
020 ## - INTERNATIONAL STANDARD BOOK NUMBER
International Standard Book Number 0201543923
International Standard Book Number 9780201543926
035 ## - SYSTEM CONTROL NUMBER
System control number 2525288
040 ## - CATALOGING SOURCE
Original cataloging agency DLC
Transcribing agency DLC
Modifying agency DLC
043 ## - GEOGRAPHIC AREA CODE
Geographic area code n-us---
050 00 - LIBRARY OF CONGRESS CALL NUMBER
Classification number HB172.5
Item number .A24 1995
082 00 - DEWEY DECIMAL CLASSIFICATION NUMBER
Classification number 339
Edition number 20
100 1# - MAIN ENTRY--PERSONAL NAME
Personal name Abel, Andrew B.,
Dates associated with a name 1952-
245 10 - TITLE STATEMENT
Title Macroeconomics /
Statement of responsibility, etc Andrew B. Abel, Ben S. Bernanke.
250 ## - EDITION STATEMENT
Edition statement 2nd ed.
260 ## - PUBLICATION, DISTRIBUTION, ETC. (IMPRINT)
Place of publication, distribution, etc Reading, Mass. :
Name of publisher, distributor, etc Addison-Wesley,
Date of publication, distribution, etc c1995.
300 ## - PHYSICAL DESCRIPTION
Extent xxviii, 641 p. :
Other physical details col. ill., col. map ;
Dimensions 26 cm.
336 ## - CONTENT TYPE
Content type term text
Content type code txt
Source rdacontent
337 ## - MEDIA TYPE
Media type term unmediated
Media type code n
Source rdamedia
338 ## - CARRIER TYPE
Carrier type term volume
Carrier type code nc
Source rdacarrier
504 ## - BIBLIOGRAPHY, ETC. NOTE
Bibliography, etc Includes bibliographical references and indexes.
650 #0 - SUBJECT ADDED ENTRY--TOPICAL TERM
Topical term or geographic name as entry element Macroeconomics.
651 #0 - SUBJECT ADDED ENTRY--GEOGRAPHIC NAME
Geographic name United States
General subdivision Economic conditions.
700 1# - ADDED ENTRY--PERSONAL NAME
Personal name Bernanke, Ben.
906 ## - LOCAL DATA ELEMENT F, LDF (RLIN)
a 7
b cbc
c orignew
d 1
e ocip
f 19
g y-gencatlg
942 ## - ADDED ENTRY ELEMENTS (KOHA)
Source of classification or shelving scheme Library of Congress Classification
Koha item type Long Loan Books
Holdings
Withdrawn status Lost status Source of classification or shelving scheme Damaged status Not for loan Collection code Home library Current library Shelving location Date acquired Total Checkouts Full call number Barcode Date last seen Price effective from Koha item type
    Library of Congress Classification     Non-fiction Rongo University Library Rongo University Library General Stacks 23/06/2026   HB172.5 .A24 1995 20262124 23/06/2026 23/06/2026 Long Loan Books

© 2026 Rongo University
Contact us: librarian | system librarian | Rongo university